000 01160nam a2200349Ia 4500
001 031166
008 221003m2011 xx 000 0 spa d
035 _aCENDO_22030
041 _aspa
100 _aBARROSO CHULIA, Cándida
_921052
245 0 _aEmpoderadas y tecno-interesadas /
_cCándida Barroso Chuliá
260 _a[Madrid] :
_bSecretaría Confederal de la Mujer de Comisiones Obreras,
_c2011
300 _a1 p. ;
_c 30 cm
500 _aEn: Trabajadora, n. 42 (diciembre 2011), p. 7
650 _aMUJERES
_9199
650 0 _aIGUALDAD DE OPORTUNIDADES
_9590
650 _aEMPRESA
_967
650 _aPARTICIPACION POLITICA
_9423
650 _aPARTICIPACION SOCIAL
_9426
650 _aSINDICALISMO
_9189
650 _aCCOO
_960
710 _aCCOO
_bConfederación Sindical
_bSecretaría de la Mujer
_eed.
_9398
856 _zPDF
_uhttp://docpublicos.ccoo.es/cendoc/031166EmpoderadasTecnoInteresadas.pdf
901 _a1
903 _aNO
904 _a000
907 _aIgualdad de oportunidades
953 _d2011-12-19
_yDOCU_ELEC
_hTrabajadora, n. 42 (diciembre 2011), p. 7
_tPS06
999 _c22029
_d22029
910 _a2011
942 _cDOCU_ELEC